<?xml version="1.0" encoding="UTF-8"?>
<record
    xmlns:xsi="http://www.w3.org/2001/XMLSchema-instance"
    xsi:schemaLocation="http://www.loc.gov/MARC21/slim http://www.loc.gov/standards/marcxml/schema/MARC21slim.xsd"
    xmlns="http://www.loc.gov/MARC21/slim">

  <leader>00664nam a22002297a 4500</leader>
  <controlfield tag="008">240702b        mp ||||| |||| 00| 0 mon d</controlfield>
  <datafield tag="020" ind1=" " ind2=" ">
    <subfield code="a">99929-0-471-2</subfield>
  </datafield>
  <datafield tag="035" ind1=" " ind2=" ">
    <subfield code="a">3629</subfield>
  </datafield>
  <datafield tag="040" ind1=" " ind2=" ">
    <subfield code="a">ZA2481090</subfield>
    <subfield code="b">mon</subfield>
    <subfield code="c">MN-UlNLM</subfield>
    <subfield code="d">MN-UlNLM</subfield>
    <subfield code="e">rda</subfield>
  </datafield>
  <datafield tag="041" ind1=" " ind2=" ">
    <subfield code="a">mon</subfield>
  </datafield>
  <datafield tag="042" ind1=" " ind2=" ">
    <subfield code="a">10719</subfield>
  </datafield>
  <datafield tag="084" ind1=" " ind2=" ">
    <subfield code="2">NNA</subfield>
    <subfield code="a">28.693.35</subfield>
    <subfield code="b">&#x410;-35</subfield>
  </datafield>
  <datafield tag="100" ind1=" " ind2=" ">
    <subfield code="a">&#x410;&#x439;&#x433;&#x43D;&#x44D;&#x440; &#x42D;.</subfield>
  </datafield>
  <datafield tag="245" ind1=" " ind2="0">
    <subfield code="a">&#x414;&#x443;&#x443;&#x447; &#x448;&#x443;&#x432;&#x443;&#x443;&#x434;</subfield>
  </datafield>
  <datafield tag="264" ind1=" " ind2=" ">
    <subfield code="a">&#x423;&#x43B;&#x430;&#x430;&#x43D;&#x431;&#x430;&#x430;&#x442;&#x430;&#x440;</subfield>
    <subfield code="c">2007</subfield>
  </datafield>
  <datafield tag="300" ind1=" " ind2=" ">
    <subfield code="a">&#x445;.</subfield>
  </datafield>
  <datafield tag="336" ind1=" " ind2=" ">
    <subfield code="2">rdacontent</subfield>
    <subfield code="a">text</subfield>
    <subfield code="b">txt</subfield>
  </datafield>
  <datafield tag="337" ind1=" " ind2=" ">
    <subfield code="2">rdamedia</subfield>
    <subfield code="a">unmediated</subfield>
    <subfield code="b">n</subfield>
  </datafield>
  <datafield tag="338" ind1=" " ind2=" ">
    <subfield code="2">rdacarrier</subfield>
    <subfield code="a">volume</subfield>
    <subfield code="b">nc</subfield>
  </datafield>
  <datafield tag="650" ind1=" " ind2=" ">
    <subfield code="a">&#x425;&#x430;&#x440; &#x445;&#x4E9;&#x4E9;&#x43D;&#x434;&#x44D;&#x439;, &#x414;&#x443;&#x443;&#x43B;&#x433;&#x430;&#x442; &#x44D;&#x44D;&#x440;&#x4AF;&#x4AF;&#x43B; &#x431;&#x44F;&#x43B;&#x437;&#x443;&#x443;&#x445;&#x430;&#x439;  </subfield>
  </datafield>
  <datafield tag="942" ind1=" " ind2=" ">
    <subfield code="2">NNA</subfield>
    <subfield code="c">BK</subfield>
  </datafield>
  <datafield tag="952" ind1=" " ind2=" ">
    <subfield code="0">0</subfield>
    <subfield code="1">0</subfield>
    <subfield code="4">0</subfield>
    <subfield code="6">2869335_&#x410;35</subfield>
    <subfield code="7">0</subfield>
    <subfield code="8">ZA2483</subfield>
    <subfield code="a">ZA2481090</subfield>
    <subfield code="b">ZA2481090</subfield>
    <subfield code="c">ZA2483</subfield>
    <subfield code="d">2024-07-06</subfield>
    <subfield code="g">625.00</subfield>
    <subfield code="l">0</subfield>
    <subfield code="o">28.693.35  &#x410;-35</subfield>
    <subfield code="p">ZA2483629-2-1</subfield>
    <subfield code="r">2024-07-06</subfield>
    <subfield code="t">97241</subfield>
    <subfield code="y">BK</subfield>
  </datafield>
  <datafield tag="952" ind1=" " ind2=" ">
    <subfield code="0">0</subfield>
    <subfield code="1">0</subfield>
    <subfield code="4">0</subfield>
    <subfield code="6">2869335_&#x410;35</subfield>
    <subfield code="7">0</subfield>
    <subfield code="8">ZA2485</subfield>
    <subfield code="a">ZA2481090</subfield>
    <subfield code="b">ZA2481090</subfield>
    <subfield code="c">ZA2485</subfield>
    <subfield code="d">2024-07-06</subfield>
    <subfield code="g">625.00</subfield>
    <subfield code="l">0</subfield>
    <subfield code="o">28.693.35  &#x410;-35</subfield>
    <subfield code="p">ZA2483629-2-2</subfield>
    <subfield code="r">2024-07-06</subfield>
    <subfield code="t">97242</subfield>
    <subfield code="y">BK</subfield>
  </datafield>
  <datafield tag="952" ind1=" " ind2=" ">
    <subfield code="0">0</subfield>
    <subfield code="1">0</subfield>
    <subfield code="4">0</subfield>
    <subfield code="6">2869335_&#x410;35</subfield>
    <subfield code="7">0</subfield>
    <subfield code="8">ZA2485</subfield>
    <subfield code="a">ZA2481090</subfield>
    <subfield code="b">ZA2481090</subfield>
    <subfield code="c">ZA2485</subfield>
    <subfield code="d">2024-07-06</subfield>
    <subfield code="g">625.00</subfield>
    <subfield code="l">0</subfield>
    <subfield code="o">28.693.35  &#x410;-35</subfield>
    <subfield code="p">ZA2483629-2-3</subfield>
    <subfield code="r">2024-07-06</subfield>
    <subfield code="t">97243</subfield>
    <subfield code="y">BK</subfield>
  </datafield>
  <datafield tag="952" ind1=" " ind2=" ">
    <subfield code="0">0</subfield>
    <subfield code="1">0</subfield>
    <subfield code="4">0</subfield>
    <subfield code="6">2869335_&#x410;35</subfield>
    <subfield code="7">0</subfield>
    <subfield code="8">ZA2485</subfield>
    <subfield code="a">ZA2481090</subfield>
    <subfield code="b">ZA2481090</subfield>
    <subfield code="c">ZA2485</subfield>
    <subfield code="d">2024-07-06</subfield>
    <subfield code="g">625.00</subfield>
    <subfield code="l">0</subfield>
    <subfield code="o">28.693.35  &#x410;-35</subfield>
    <subfield code="p">ZA2483629-2-4</subfield>
    <subfield code="r">2024-07-06</subfield>
    <subfield code="t">97248</subfield>
    <subfield code="y">BK</subfield>
  </datafield>
  <datafield tag="952" ind1=" " ind2=" ">
    <subfield code="0">0</subfield>
    <subfield code="1">0</subfield>
    <subfield code="4">0</subfield>
    <subfield code="6">2869335_&#x410;35</subfield>
    <subfield code="7">0</subfield>
    <subfield code="8">ZA2485</subfield>
    <subfield code="a">ZA2481090</subfield>
    <subfield code="b">ZA2481090</subfield>
    <subfield code="c">ZA2485</subfield>
    <subfield code="d">2024-07-06</subfield>
    <subfield code="g">625.00</subfield>
    <subfield code="l">0</subfield>
    <subfield code="o">28.693.35  &#x410;-35</subfield>
    <subfield code="p">ZA2483629-2-5</subfield>
    <subfield code="r">2024-07-06</subfield>
    <subfield code="t">97249</subfield>
    <subfield code="y">BK</subfield>
  </datafield>
  <datafield tag="952" ind1=" " ind2=" ">
    <subfield code="0">0</subfield>
    <subfield code="1">0</subfield>
    <subfield code="4">0</subfield>
    <subfield code="6">2869335_&#x410;35</subfield>
    <subfield code="7">0</subfield>
    <subfield code="8">ZA2483</subfield>
    <subfield code="a">ZA2481090</subfield>
    <subfield code="b">ZA2481090</subfield>
    <subfield code="c">ZA2483</subfield>
    <subfield code="d">2024-07-06</subfield>
    <subfield code="g">625.00</subfield>
    <subfield code="l">0</subfield>
    <subfield code="o">28.693.35  &#x410;-35</subfield>
    <subfield code="p">ZA2483629-3-2</subfield>
    <subfield code="r">2024-07-06</subfield>
    <subfield code="t">97247</subfield>
    <subfield code="y">BK</subfield>
  </datafield>
  <datafield tag="952" ind1=" " ind2=" ">
    <subfield code="0">0</subfield>
    <subfield code="1">0</subfield>
    <subfield code="4">0</subfield>
    <subfield code="6">2869335_&#x410;35</subfield>
    <subfield code="7">0</subfield>
    <subfield code="8">ZA2483</subfield>
    <subfield code="a">ZA2481090</subfield>
    <subfield code="b">ZA2481090</subfield>
    <subfield code="c">ZA2483</subfield>
    <subfield code="d">2024-07-06</subfield>
    <subfield code="g">625.00</subfield>
    <subfield code="l">0</subfield>
    <subfield code="o">28.693.35  &#x410;-35</subfield>
    <subfield code="p">ZA2483629-3-3</subfield>
    <subfield code="r">2024-07-06</subfield>
    <subfield code="t">97240</subfield>
    <subfield code="y">BK</subfield>
  </datafield>
  <datafield tag="952" ind1=" " ind2=" ">
    <subfield code="0">0</subfield>
    <subfield code="1">0</subfield>
    <subfield code="4">0</subfield>
    <subfield code="6">2869335_&#x410;35</subfield>
    <subfield code="7">0</subfield>
    <subfield code="8">ZA2483</subfield>
    <subfield code="a">ZA2481090</subfield>
    <subfield code="b">ZA2481090</subfield>
    <subfield code="c">ZA2483</subfield>
    <subfield code="d">2024-07-06</subfield>
    <subfield code="g">625.00</subfield>
    <subfield code="l">0</subfield>
    <subfield code="o">28.693.35  &#x410;-35</subfield>
    <subfield code="p">ZA2483629-3-4</subfield>
    <subfield code="r">2024-07-06</subfield>
    <subfield code="t">97246</subfield>
    <subfield code="y">BK</subfield>
  </datafield>
  <datafield tag="952" ind1=" " ind2=" ">
    <subfield code="0">0</subfield>
    <subfield code="1">0</subfield>
    <subfield code="4">0</subfield>
    <subfield code="6">2869335_&#x410;35</subfield>
    <subfield code="7">0</subfield>
    <subfield code="8">ZA2481</subfield>
    <subfield code="a">ZA2481090</subfield>
    <subfield code="b">ZA2481090</subfield>
    <subfield code="c">ZA2481</subfield>
    <subfield code="d">2024-07-06</subfield>
    <subfield code="g">1000.00</subfield>
    <subfield code="l">0</subfield>
    <subfield code="o">28.693.35  &#x410;-35</subfield>
    <subfield code="p">ZA2483629-4-1</subfield>
    <subfield code="r">2024-07-06</subfield>
    <subfield code="t">99659</subfield>
    <subfield code="y">BK</subfield>
  </datafield>
  <datafield tag="999" ind1=" " ind2=" ">
    <subfield code="c">1096552</subfield>
    <subfield code="d">1096609</subfield>
  </datafield>
</record>
